MARC details
| 000 -CABECERA |
| campo de control de longitud fija |
03102nam a2200241 a 4500 |
| 001 - NÚMERO DE CONTROL |
| campo de control |
000045965 |
| 005 - FECHA Y HORA DE LA ÚLTIMA TRANSACCIÓN |
| campo de control |
20250211105136.0 |
| 008 - DATOS DE LONGITUD FIJA--INFORMACIÓN GENERAL |
| campo de control de longitud fija |
150603s2015 dr ac 000 0 spa d |
| 020 ## - NÚMERO INTERNACIONAL ESTÁNDAR DEL LIBRO |
| ISBN cancelado o inválido |
9789945082388 v. 1 |
| 020 ## - NÚMERO INTERNACIONAL ESTÁNDAR DEL LIBRO |
| ISBN cancelado o inválido |
9789945082395 v. 2 |
| 040 ## - FUENTE DE LA CATALOGACIÓN |
| Centro catalogador/agencia de origen |
DO-SdBNP |
| Lengua de catalogación |
spa |
| Centro/agencia transcriptor |
BNPHU |
| 082 ## - NÚMERO DE LA CLASIFICACIÓN DECIMAL DEWEY |
| Número de clasificación |
xxxx |
| Número de documento/Ítem |
xxxx |
| 100 1# - ENTRADA PRINCIPAL--NOMBRE DE PERSONA |
| Nombre de persona |
Stern Díaz, Herbert S. |
| Fechas asociadas al nombre |
1958- |
| 9 (RLIN) |
13913 |
| 245 10 - MENCIÓN DE TÍTULO |
| Título |
Apuntes y documentos para la historia de la medicina dominicana del siglo XX / |
| Mención de responsabilidad, etc. |
Herbert S. Stern Díaz ; prólogo José Silié, José G. Guerrero. |
| 260 ## - PUBLICACIÓN, DISTRIBUCIÓN, ETC. |
| Lugar de publicación, distribución, etc. |
Santo Domingo : |
| Nombre del editor, distribuidor, etc. |
Búho, |
| Fecha de publicación, distribución, etc. |
2015. |
| 300 ## - DESCRIPCIÓN FÍSICA |
| Extensión |
v. : |
| Otras características físicas |
il., mapas, retrs. ; |
| Dimensiones |
28 cm. |
| 500 ## - NOTA GENERAL |
| Nota general |
Incluye datos biográficos del autor en la solapa de la cubierta. |
| 504 ## - NOTA DE BIBLIOGRAFÍA, ETC. |
| Nota de bibliografía, etc. |
Bibliografía : p. 705-706 |
| 505 0# - NOTA DE CONTENIDO CON FORMATO |
| Nota de contenido con formato |
v. 1 |
| Título |
Introducción -- |
| -- |
El juro médico -- |
| -- |
Cronología -- |
| -- |
Los primeros años (1900-1916) -- |
| -- |
La salud durante la ocupación militar norteamericana (1916-1923) -- |
| -- |
El final de la ocupación y la llegada de trujillo (1923-1930) -- |
| -- |
Inicios de la Era de Trujillo (1930-1940) -- |
| -- |
Centenario de la República Dominicana (1940-1950) -- |
| -- |
Conferencia Sanitaria Panamericana. La feria de la paz (1950-1960) -- |
| -- |
Final de la Era de Trujillo, guerra civil y democracia (1960-1970) -- |
| -- |
La modernización de la medicina domicana (1970-1980) -- |
| -- |
La erradicación del polio y la aparición del SIDA. Irregularidades en títulos universitarios (1980-1990) -- |
| -- |
Inicio de las subespecialidades (1990-2000) -- |
| -- |
Actas e historia del colegio médico dominicano -- |
| 505 0# - NOTA DE CONTENIDO CON FORMATO |
| Información miscelánea |
v. 2 |
| Título |
Especialidades -- |
| -- |
La especialización de la medicina dominicana -- |
| -- |
Historia de la anatomía patológica y medicina forense -- |
| -- |
Historia de la lucha contra la diabetes en la República Dominicana -- |
| -- |
Evolución del síndrome de inmunodeficiencia adquirida en República Dominicana -- |
| -- |
Historia de la gastroenterología y la Sociedad Dominicana de gastroenterología -- |
| -- |
Historia de la pediatría y la Sociedad Dominicana de Pediatría -- |
| -- |
Historia de la ortopedia en la Republica Dominicana -- |
| -- |
Historia de la radiología dominicana -- |
| -- |
Historia de la psiquiatría y la Sociedad Dominicana de psiquiatría -- |
| -- |
Historia de la cardiología y la Sociedad Dominicana de cardiología -- |
| -- |
Historia de la Sociedad Dominicana de Oftalmología -- |
| -- |
Historia de la dermatología y la Sociedad Dominicana de Dermatología -- |
| -- |
Historia de la Sociedad Dominicana de Otorrinolaringología -- |
| -- |
Los inicios de la obstetricia y la ginecología y la Sociedad Dominicana de Ginecología y Obstetricia -- |
| -- |
Evolución de la cirugía dominicana: la cirugía plástica y manejo de quemados -- |
| -- |
Historia de la anestesia en República Dominicana -- |
| -- |
Apuntes sobre la medicina militar -- |
| -- |
Trabajo de Heriberto Pieter -- |
| -- |
Historia de la medicina en algunas ciudades -- |
| -- |
Publicaciones médicas dominicanas -- |
| -- |
Biografías de médicos dominicanos -- |
| -- |
La enseñanza de la medicina en República Dominicana |
| -- |
Salud y política -- |
| -- |
Aspectos legales del ejercicio médico en República Dominicana -- |
| -- |
Clinicas y hospitales. |
| 700 12 - PUNTO DE ACCESO ADICIONAL--NOMBRE DE PERSONA |
| Nombre de persona |
Silié, José, |
| Término indicativo de función/relación |
pról. |
| 9 (RLIN) |
74039 |
| 700 12 - PUNTO DE ACCESO ADICIONAL--NOMBRE DE PERSONA |
| Nombre de persona |
Guerrero, José G., |
| Término indicativo de función/relación |
pról. |
| 9 (RLIN) |
18729 |